000
00271pam a2200121 a 4500
020
_c
041
_a
eng
100
_a
W.W.A.M.
245
_a
Science In Technology
_h
Textual Documents
260
_a
[s.l]:
_b
Humphery Milford Oxford Uni.
300
_a
194p.
930
_a
15239
999
_c
92139
_d
92139